| 000 | 00619nam a22001697a 4500 | ||
|---|---|---|---|
| 008 | 110926s2010 it|||||r|||| 00| 0 eng d | ||
| 082 |
_222 _bDAN _a620 |
||
| 245 |
_aDanieli Technology Book 2010 / _cDanieli |
||
| 260 |
_aUdine, italy : _bDanielei, 2010 _c2010 |
||
| 300 |
_a658 p. : _bcol. ill. ; _c24 cm |
||
| 541 | _aDonation ; | ||
| 650 |
_918074 _aEngineering. |
||
| 653 |
_bGen _cSeptember2011 |
||
| 710 |
_927378 _aDanieli |
||
| 942 |
_cBB _2ddc |
||
| 999 |
_c16090 _d16090 |
||